LAW OF COPYRIGHT COMPARATIVE PERSPECTIVES (Record no. 196031)

MARC details
000 -LEADER
fixed length control field 00357nam a2200157Ia 4500
008 - FIXED-LENGTH DATA ELEMENTS--GENERAL INFORMATION
fixed length control field 220923s9999 xx 000 0 und d
020 ## - INTERNATIONAL STANDARD BOOK NUMBER
International Standard Book Number 9788180388354
082 ## - DEWEY DECIMAL CLASSIFICATION NUMBER
Item number CHA
100 ## - MAIN ENTRY--PERSONAL NAME
Personal name CHAWLA, ALKA
245 #0 - TITLE STATEMENT
Title LAW OF COPYRIGHT COMPARATIVE PERSPECTIVES
250 ## - EDITION STATEMENT
Edition statement 1ST
260 ## - PUBLICATION, DISTRIBUTION, ETC.
Date of publication, distribution, etc. 2013
300 ## - PHYSICAL DESCRIPTION
Extent 316
650 ## - SUBJECT ADDED ENTRY--TOPICAL TERM
Topical term or geographic name entry element Copyright Law
942 ## - ADDED ENTRY ELEMENTS (KOHA)
Koha item type Book
Holdings
Withdrawn status Lost status Damaged status Not for loan Home library Current library Shelving location Date acquired Cost, normal purchase price Total Checkouts Barcode Date last seen Price effective from Koha item type
        Mewar University Central Library Mewar University Central Library Law 24/05/2017 445.00   L4593 23/09/2022 24/05/2017 Book